| 000 | 00532nam a2200109Ia 4500 | ||
|---|---|---|---|
| 008 | 171212s9999 xx 000 0 und d | ||
| 100 | _aAcosta, Joie D.;Nelson, Christopher;Beckjord, Ellen Burke;Shelton, Shoshana R.;Murphy, Erin | ||
| 245 |
_cAcosta, Joie D.;Nelson, Christopher;Beckjord, Ellen Burke;Shelton, Shoshana R.;Murphy, Erin _aA National Agenda for Public Health Systems Research on Emergency Preparedness |
||
| 260 |
_bRAND Corporation _c2009 |
||
| 650 | _aHealth Sciences | ||
| 856 | _uwww.jstor.org/stable/10.7249/tr660dhhs | ||
| 999 |
_c351647 _d351647 |
||